| Tag |
First Indicator |
Second Indicator |
Subfields |
| LEADER |
00000cam a22000001a 4500 |
| 001 |
in00002145813 |
| 006 |
m e d # |
| 007 |
cr mn mmmmabba |
| 008 |
861209s1754 mdu s s000 0 eng d |
| 005 |
20260331160432.9 |
| 035 |
|
|
|z w001951
|
| 035 |
|
|
|a MAAR8612091005B
|
| 035 |
|
|
|9 mwa91-34656
|
| 035 |
|
|
|a 321480
|
| 035 |
|
|
|a aas03001951
|
| 040 |
|
|
|a MWA
|c MWA
|e bdrb
|d UtOrBLW
|
| 110 |
1 |
|
|a Maryland.
|b General Assembly.
|b House of Delegates.
|
| 245 |
1 |
0 |
|a Votes and proceedings of the Lower House of Assembly of the province of Maryland.
|
| 264 |
|
3 |
|a Annapolis :
|b Printed and sold by Jonas Green, printer to the province,
|c [1754]
|
| 300 |
|
|
|a 14 pages
|
| 336 |
|
|
|a text
|b txt
|2 rdacontent
|
| 337 |
|
|
|a computer
|b c
|2 rdamedia
|
| 338 |
|
|
|a online resource
|b cr
|2 rdacarrier
|
| 500 |
|
|
|a Journal of the session begun July 17, 1754.
|
| 500 |
|
|
|a Caption title.
|
| 500 |
|
|
|a Imprint from colophon, page 14.
|
| 510 |
4 |
|
|a Evans
|c 7238
|
| 510 |
4 |
|
|a Wroth, L.C. Maryland,
|c 173
|
| 530 |
|
|
|a Microform version available in the Readex Early American Imprints series.
|
| 533 |
|
|
|a Electronic text and image data.
|b [Chester, Vt. :
|c Readex, a division of Newsbank, Inc.,
|d 2002-2004.
|e Includes files in TIFF, GIF and PDF formats with inclusion of keyword searchable text.
|f (Early American imprints. First series ; no. 7238).
|
| 500 |
|
|
|a Electronic resource.
|
| 752 |
|
|
|a United States
|b Maryland
|d Annapolis.
|
| 830 |
|
0 |
|a Early American imprints.
|n Series I,
|p Evans (1639-1800) ;
|v no. 7238.
|
| 856 |
4 |
1 |
|u http://proxy.library.tamu.edu/login?url=https://opac.newsbank.com/select/evans/7238
|y Evans Digital Edition
|t 0
|
| 999 |
|
|
|a MARS
|
| 999 |
f |
f |
|s 47ab0955-5ea7-3c7a-bc2b-dae03ee28eae
|i f9e8d8df-4f5a-37cd-8cbf-ba57324f37ef
|t 0
|
| 952 |
f |
f |
|a Texas A&M University
|b College Station
|c Electronic Resources
|s www_evans
|d Available Online
|t 0
|h No information provided
|
| 998 |
f |
f |
|t 0
|l Available Online
|